[Event "4NCL/Div4/CELT vs. ATH2"]
[Site "West Bromwich ENG"]
[Date "2005.12.04"]
[Round "4.1"]
[White "Spencer, Douglas"]
[Black "McLaughlin, Noel"]
[Result "1/2-1/2"]
[WhiteElo "1902"]
[BlackElo "2030"]
[PlyCount "47"]
[EventDate "2005.12.04"]
[SourceDate "2005.10.25"]

1. d4 f5 2. Nc3 Nf6 3. f3 d5 4. e4 fxe4 5. fxe4 Bg4 6. Be2 Bxe2 7. Ngxe2 dxe4
8. Ng3 Nc6 9. Be3 Qd7 10. Qd2 O-O-O 11. O-O-O e5 12. dxe5 Qe6 13. Qe2 Rxd1+ 14.
Rxd1 Qxe5 15. Ncxe4 Be7 16. c3 h5 17. Nxf6 Bxf6 18. Qf3 Qa5 19. Qf5+ Qxf5 20.
Nxf5 Re8 21. Kd2 g6 22. Bd4 Bg5+ 23. Be3 Bf6 24. Bd4 1/2-1/2

[Event "4NCL/Div4/CELT vs. ATH2"]
[Site "West Bromwich ENG"]
[Date "2005.12.04"]
[Round "4.2"]
[White "Hylands, Liam"]
[Black "Tew, Paul"]
[Result "1-0"]
[WhiteElo "1950"]
[BlackElo "1890"]
[PlyCount "59"]
[EventDate "2005.12.04"]
[SourceDate "2005.10.25"]

1. e4 e5 2. Nf3 Nc6 3. d4 exd4 4. Nxd4 Nxd4 5. Qxd4 Ne7 6. Bc4 Nc6 7. Qd5 Qe7
8. Bg5 f6 9. Bd2 d6 10. f4 Bd7 11. O-O O-O-O 12. b4 Re8 13. b5 Be6 14. Qxe6+
Qxe6 15. Bxe6+ Rxe6 16. bxc6 Rxe4 17. cxb7+ Kb8 18. Nc3 Rc4 19. Rfe1 d5 20.
Re8+ Kxb7 21. Rb1+ Kc6 22. Kf1 d4 23. Ne2 Kd7 24. Rbb8 c5 25. Rxf8 Rxf8 26.
Rxf8 Ke7 27. Ra8 Rxc2 28. Rxa7+ Kd6 29. Ke1 d3 30. Nc3 1-0

[Event "4NCL/Div4/CELT vs. ATH2"]
[Site "West Bromwich ENG"]
[Date "2005.12.04"]
[Round "4.3"]
[White "Kitchen, Peter J"]
[Black "Doughty, Nathan"]
[Result "1-0"]
[WhiteElo "1716"]
[BlackElo "1920"]
[PlyCount "107"]
[EventDate "2005.12.04"]
[SourceDate "2005.10.25"]

1. e4 c5 2. Nf3 d6 3. d4 cxd4 4. Nxd4 Nc6 5. Be3 Nf6 6. Nc3 g6 7. f3 Bg7 8. Qd2
O-O 9. O-O-O Re8 10. g4 Bd7 11. h4 a6 12. h5 b5 13. hxg6 fxg6 14. Qh2 Ne5 15.
Nd5 Kf7 16. Bg5 Rh8 17. Qf4 Qf8 18. Bxf6 exf6 19. g5 Qd8 20. Rd2 Be6 21. Nxe6
Kxe6 22. Bh3+ Kf7 23. Nxf6 Bxf6 24. Qxf6+ Qxf6 25. gxf6 Rad8 26. Rhd1 Nc4 27.
Rd3 Kxf6 28. b3 Ne5 29. Rxd6+ Rxd6 30. Rxd6+ Kg5 31. Kd2 Ra8 32. Ke3 Nf7 33.
f4+ Kh4 34. Rd7 Rf8 35. Be6 Nd8 36. Rxh7+ Kg3 37. Rh3+ Kg2 38. Rh6 Rf6 39. Bd7
Nf7 40. Rh7 g5 41. fxg5 Nxg5 42. Rg7 Rf3+ 43. Kd4 Rg3 44. Re7 Nf3+ 45. Kc5 Ne1
46. c4 Nd3+ 47. Kb6 bxc4 48. bxc4 Nb4 49. c5 Nxa2 50. c6 Rb3+ 51. Ka7 Rc3 52.
Kb8 Rb3+ 53. Kc8 Nb4 54. c7 1-0

[Event "4NCL/Div4/CELT vs. ATH2"]
[Site "West Bromwich ENG"]
[Date "2005.12.04"]
[Round "4.4"]
[White "Aniecko, Colin"]
[Black "Larter, Nick"]
[Result "1-0"]
[WhiteElo "1855"]
[BlackElo "1750"]
[PlyCount "77"]
[EventDate "2005.12.04"]
[SourceDate "2005.10.25"]

1. g4 e5 2. Bg2 d5 3. h3 c6 4. b3 Be6 5. Bb2 Nd7 6. e3 Bd6 7. d3 Ne7 8. Nd2 Ng6
9. Qe2 Nh4 10. f3 Nxg2+ 11. Qxg2 Qb6 12. d4 O-O-O 13. O-O-O Rhg8 14. Ne2 g6 15.
Rhf1 f5 16. g5 e4 17. fxe4 fxe4 18. Nf4 Nf8 19. Nxe6 Nxe6 20. Qg4 Rde8 21. Rf7
Kb8 22. Rd7 c5 23. dxc5 Qxc5 24. Rxd6 Qxd6 25. Nxe4 Qb6 26. Qg3+ Nc7 27. Nf6
Ka8 28. Nxg8 Rxg8 29. Bd4 Qc6 30. Rf1 Rc8 31. Rf6 Qb5 32. Qxc7 Qe8 33. Qxh7 Qe4
34. c3 Qh1+ 35. Kb2 Qe1 36. Qxg6 Qe2+ 37. Qc2 Qh5 38. g6 Qxh3 39. g7 1-0

[Event "4NCL/Div4/CELT vs. ATH2"]
[Site "West Bromwich ENG"]
[Date "2005.12.04"]
[Round "4.5"]
[White "Kitchen, Michael J"]
[Black "Hussain, Adrian"]
[Result "0-1"]
[WhiteElo "1765"]
[BlackElo "1735"]
[PlyCount "100"]
[EventDate "2005.12.04"]
[SourceDate "2005.10.25"]

1. d4 Nf6 2. c4 g6 3. Nc3 d5 4. Bg5 e6 5. e3 c6 6. Nf3 Bg7 7. Bd3 Nbd7 8. O-O
Qc7 9. Rc1 a6 10. a3 O-O 11. Re1 dxc4 12. Bxc4 Qa5 13. Qc2 b5 14. Bd3 Bb7 15.
Ne4 Nxe4 16. Bxe4 Rfe8 17. Re2 Nb6 18. Qc5 Nd5 19. Rec2 Bf8 20. Qxf8+ Rxf8 21.
Bh6 Rfe8 22. Ne5 Qd8 23. g3 Rc8 24. b4 f5 25. Bf3 a5 26. h4 axb4 27. axb4 Nxb4
28. Rc5 Nd5 29. Bg5 Qa5 30. h5 Rc7 31. hxg6 hxg6 32. Kg2 Kg7 33. e4 Nf6 34.
exf5 exf5 35. Bxc6 Bxc6+ 36. Rxc6 Rxc6 37. Rxc6 Rf8 38. Re6 Qa8+ 39. Kf1 Qa3
40. Rb6 Qa1+ 41. Kg2 Qxd4 42. Rb7+ Kg8 43. Rxb5 Ng4 44. Be3 Qe4+ 45. f3 Nxe3+
46. Kh3 Qc2 47. Nxg6 Qg2+ 48. Kh4 Qh2+ 49. Kg5 Qxg3+ 50. Kh6 Rf6 0-1

[Event "4NCL/Div4/CELT vs. ATH2"]
[Site "West Bromwich ENG"]
[Date "2005.12.04"]
[Round "4.6"]
[White "Sant, Maria"]
[Black "Bannon, Senan"]
[Result "0-1"]
[WhiteElo "1435"]
[BlackElo "1284"]
[PlyCount "72"]
[EventDate "2005.12.04"]
[SourceDate "2005.10.25"]

1. e4 d5 2. Nc3 d4 3. Nd5 e5 4. Bc4 Be6 5. Nf3 c6 6. Nb6 axb6 7. Bxe6 fxe6 8.
Nxe5 Nf6 9. d3 Bb4+ 10. Bd2 Bxd2+ 11. Qxd2 Nbd7 12. Nf3 e5 13. O-O O-O 14. Nh4
Nxe4 15. dxe4 Qxh4 16. Qb4 Qxe4 17. Qc4+ Qd5 18. Qd3 Rxa2 19. Rab1 c5 20. Rfe1
c4 21. Qg3 c3 22. Re2 cxb2 23. Rbe1 Ra1 24. h3 b1=Q 25. Rxb1 Rxb1+ 26. Kh2 Ra8
27. Rd2 Raa1 28. Qg4 Rh1+ 29. Kg3 Rag1 30. f3 Re1 31. Rd3 Re3 32. Rd2 e4 33.
Qh4 h6 34. Kg4 exf3 35. Kg3 fxg2+ 36. Kf2 Qf3# 0-1

[Event "4NCL/Div4/KTP vs. ADD"]
[Site "West Bromwich ENG"]
[Date "2005.12.04"]
[Round "4.1"]
[White "Carpenter, Dai"]
[Black "Dupré, Paul D"]
[Result "1-0"]
[WhiteElo "1900"]
[BlackElo "2050"]
[PlyCount "87"]
[EventDate "2005.12.04"]
[SourceDate "2005.10.25"]

1. d4 Nf6 2. c4 g6 3. Nc3 d5 4. Bf4 Bg7 5. e3 O-O 6. h3 Bf5 7. Bd3 Bxd3 8. Qxd3
Nc6 9. Nxd5 Nxd5 10. cxd5 Qxd5 11. Nf3 e5 12. e4 Nb4 13. Qe2 Qa5 14. Bd2 Qb6
15. Qc4 Nc6 16. d5 Nd4 17. O-O Rac8 18. Nxd4 exd4 19. Bf4 c5 20. Bg3 Rfe8 21.
Rfe1 h5 22. Re2 Qa5 23. d6 Rcd8 24. Rc1 b5 25. Qxc5 d3 26. Re3 d2 27. Rd1 Bxb2
28. Qc2 Bc1 29. e5 Qb6 30. Bh4 Rd7 31. Bf6 Qb7 32. g4 Kh7 33. gxh5 Rxd6 34.
exd6 Rxe3 35. hxg6+ Kh6 36. fxe3 Qf3 37. Bh4 Qxe3+ 38. Bf2 Qxh3 39. gxf7 Qg4+
40. Kf1 Qh3+ 41. Ke2 Qg4+ 42. Ke3 Qg5+ 43. Ke4 Qg6+ 44. Ke5 1-0

[Event "4NCL/Div4/KTP vs. ADD"]
[Site "West Bromwich ENG"]
[Date "2005.12.04"]
[Round "4.2"]
[White "Hamilton, Robert"]
[Black "Davies, Matthew"]
[Result "1-0"]
[WhiteElo "2025"]
[BlackElo "1855"]
[PlyCount "47"]
[EventDate "2005.12.04"]
[SourceDate "2005.10.25"]

1. e4 e6 2. d4 d5 3. Nd2 c5 4. c3 Nf6 5. Bd3 Nc6 6. Ngf3 Qb6 7. exd5 Nxd5 8.
Nc4 Qc7 9. O-O Be7 10. Re1 b6 11. Nce5 Nxe5 12. Nxe5 O-O 13. Qh5 Nf6 14. Qh3
Bb7 15. Bg5 g6 16. Bh6 Rfe8 17. Nxf7 Bxg2 18. Qxg2 Kxf7 19. Rxe6 Bd6 20. Rxf6+
Kxf6 21. Qg5+ Kf7 22. Qd5+ Re6 23. Qxa8 Bxh2+ 24. Kf1 1-0

[Event "4NCL/Div4/KTP vs. ADD"]
[Site "West Bromwich ENG"]
[Date "2005.12.04"]
[Round "4.3"]
[White "Ghandi, Nayan"]
[Black "Klein, Cornelia"]
[Result "0-1"]
[WhiteElo "1750"]
[BlackElo "1905"]
[PlyCount "74"]
[EventDate "2005.12.04"]
[SourceDate "2005.10.25"]

1. e4 e5 2. Nf3 Nc6 3. Bc4 Bc5 4. Nc3 Nf6 5. d3 h6 6. Qe2 d6 7. h3 Be6 8. Bxe6
fxe6 9. Bd2 Qe7 10. a3 a6 11. Be3 Nd4 12. Qd1 b5 13. Bxd4 Bxd4 14. Nxd4 exd4
15. Ne2 e5 16. c3 dxc3 17. bxc3 O-O 18. O-O Nh5 19. a4 c6 20. Qd2 Qh4 21. Qe3
c5 22. d4 exd4 23. cxd4 c4 24. e5 dxe5 25. dxe5 Nf4 26. axb5 Nxe2+ 27. Qxe2
axb5 28. Rxa8 Rxa8 29. e6 Qe7 30. f4 Re8 31. f5 Qc5+ 32. Kh2 c3 33. Qg4 Rf8 34.
f6 Rxf6 35. Rxf6 Qe5+ 36. Rf4 g5 37. Qg3 Qxf4 0-1

[Event "4NCL/Div4/KTP vs. ADD"]
[Site "West Bromwich ENG"]
[Date "2005.12.04"]
[Round "4.4"]
[White "Goggin, Eamonn P"]
[Black "Fathallah, Joe"]
[Result "0-1"]
[WhiteElo "1885"]
[BlackElo "1768"]
[PlyCount "54"]
[EventDate "2005.12.04"]
[SourceDate "2005.10.25"]

1. c4 e5 2. Nc3 Nf6 3. Nf3 Nc6 4. g3 g6 5. Bg2 Bg7 6. O-O O-O 7. d3 d6 8. Bg5
h6 9. Bd2 Be6 10. a3 Qd7 11. Rc1 Bh3 12. b4 Bxg2 13. Kxg2 Rae8 14. b5 Ne7 15.
e4 Nh7 16. Be3 f5 17. a4 a6 18. bxa6 bxa6 19. Rb1 f4 20. Bd2 g5 21. Nd5 Nxd5
22. cxd5 Bf6 23. Rb7 Rb8 24. Qb3 Rxb7 25. Qxb7 g4 26. Ne1 Bg5 27. Qxa6 f3+ 0-1

[Event "4NCL/Div4/KTP vs. ADD"]
[Site "West Bromwich ENG"]
[Date "2005.12.04"]
[Round "4.5"]
[White "Griffiths, Hywel"]
[Black "Burgess, Thomas"]
[Result "1-0"]
[WhiteElo "1661"]
[BlackElo "1820"]
[PlyCount "97"]
[EventDate "2005.12.04"]
[SourceDate "2005.10.25"]

1. b3 e5 2. Bb2 Nc6 3. c4 Nf6 4. Nf3 d6 5. d3 Be7 6. Nbd2 O-O 7. e3 Re8 8. Be2
Bg4 9. O-O Qd7 10. Re1 Bf8 11. Bc3 Rad8 12. b4 Nb8 13. a4 Qe7 14. b5 Nbd7 15.
Qc2 h6 16. Nf1 e4 17. Nd4 Bxe2 18. Qxe2 exd3 19. Qxd3 Ne4 20. Bb2 Ndc5 21. Qc2
g6 22. f3 Ng5 23. e4 Bg7 24. Ne3 Qd7 25. Qd2 Nge6 26. Nxe6 fxe6 27. Ra3 Bxb2
28. Qxb2 Qg7 29. Qd2 Rf8 30. Ng4 Kh7 31. Qe3 h5 32. Nf2 Qe5 33. Nd3 Nxd3 34.
Rxd3 b6 35. Kh1 Ra8 36. g3 g5 37. Rf1 Rad8 38. Qe2 Qc5 39. Re3 Kh6 40. f4 gxf4
41. gxf4 Rg8 42. f5 Rdf8 43. Rh3 Rg5 44. fxe6 Rfg8 45. Rg3 Qe5 46. Qe3 Kg6 47.
Rxg5+ Qxg5 48. Qxg5+ Kxg5 49. Rg1+ 1-0

[Event "4NCL/Div4/KTP vs. ADD"]
[Site "West Bromwich ENG"]
[Date "2005.12.04"]
[Round "4.6"]
[White "O'Neill, Tom"]
[Black "Parry, Matthew"]
[Result "0-1"]
[WhiteElo "1630"]
[BlackElo "1677"]
[PlyCount "34"]
[EventDate "2005.12.04"]
[SourceDate "2005.10.25"]

1. e4 e5 2. Nf3 Nc6 3. Bb5 a6 4. Ba4 Nf6 5. c3 b5 6. Bc2 d5 7. exd5 Qxd5 8. h3
e4 9. Bb3 Qh5 10. Bxf7+ Qxf7 11. Ng5 Qd5 12. d4 h6 13. h4 hxg5 14. Bxg5 Qxg5
15. hxg5 Rxh1+ 16. Ke2 Rxd1 17. gxf6 Rg1 0-1

[Event "4NCL/Div4/GUI4 vs. PAP"]
[Site "Nottingham ENG"]
[Date "2006.02.11"]
[Round "5.1"]
[White "Punnett, Alan K"]
[Black "Summerscale, Aaron"]
[Result "0-1"]
[WhiteElo "2155"]
[BlackElo "2432"]
[PlyCount "62"]
[EventDate "2006.02.11"]
[SourceDate "2005.10.25"]

1. d4 b6 2. e4 Bb7 3. Nc3 e6 4. Nf3 Bb4 5. Bd3 Nf6 6. Qe2 d5 7. e5 Ne4 8. Bd2
Bxc3 9. bxc3 c5 10. Bxe4 dxe4 11. Ng5 cxd4 12. Nxe4 O-O 13. Nd6 dxc3 14. Bxc3
Qc7 15. Bd2 Ba6 16. c4 Nd7 17. O-O f6 18. Bf4 fxe5 19. Bxe5 Nxe5 20. Qxe5 Rf6
21. Rac1 Rd8 22. Rfd1 Rd7 23. c5 bxc5 24. Rxc5 Qb6 25. h4 h6 26. Rc2 Qb4 27. g3
Qg4 28. Rd4 Qh3 29. Nc4 Bb7 30. f4 Qh1+ 31. Kf2 Rxd4 0-1

[Event "4NCL/Div4/GUI4 vs. PAP"]
[Site "Nottingham ENG"]
[Date "2006.02.11"]
[Round "5.2"]
[White "Hunt, Harriet"]
[Black "Horton, Justin"]
[Result "1-0"]
[WhiteElo "2352"]
[BlackElo "2110"]
[PlyCount "85"]
[EventDate "2006.02.11"]
[SourceDate "2005.10.25"]

1. e4 e5 2. Nf3 Nc6 3. Bb5 a6 4. Ba4 Nf6 5. O-O Be7 6. Re1 b5 7. Bb3 d6 8. c3
O-O 9. h3 Nb8 10. d4 Nbd7 11. Nbd2 Bb7 12. Bc2 Re8 13. Nf1 Bf8 14. Ng3 g6 15.
Bg5 h6 16. Bd2 Bg7 17. a4 c5 18. d5 c4 19. Be3 Nc5 20. Qd2 Kh7 21. Nh2 Nfd7 22.
Rf1 Qe7 23. a5 Rf8 24. Ng4 Qh4 25. Kh2 Nf6 26. Nxf6+ Qxf6 27. f4 exf4 28. Bxf4
Qe7 29. Rae1 Rae8 30. Re3 Nd7 31. Ne2 Ne5 32. Nd4 Qd8 33. Ra1 Qh4 34. Bg3 Qg5
35. Qf2 b4 36. Bh4 Ng4+ 37. hxg4 Be5+ 38. Kh3 Qf4 39. Qxf4 Bxf4 40. Rf3 g5 41.
Bg3 b3 42. Bxf4 gxf4 43. Bb1 1-0

[Event "4NCL/Div4/GUI4 vs. PAP"]
[Site "Nottingham ENG"]
[Date "2006.02.11"]
[Round "5.3"]
[White "Stimpson, Philip M"]
[Black "Sheldon, Ruth"]
[Result "1/2-1/2"]
[WhiteElo "2090"]
[BlackElo "2256"]
[PlyCount "52"]
[EventDate "2006.02.11"]
[SourceDate "2005.10.25"]

1. e4 c5 2. c3 Nf6 3. e5 Nd5 4. d4 cxd4 5. Nf3 e6 6. cxd4 b6 7. Bd3 Bb4+ 8. Bd2
Bxd2+ 9. Nfxd2 Ba6 10. Ne4 O-O 11. Nbc3 f5 12. Nxd5 fxe4 13. Bxa6 Nxa6 14. Nc3
Qg5 15. O-O e3 16. f3 Nb4 17. Qe2 Rac8 18. Rae1 Qg6 19. Rd1 Rxc3 20. bxc3 Nd5
21. Rde1 Rc8 22. f4 Qe4 23. c4 Nxf4 24. Qf3 Qxf3 25. Rxf3 g5 26. h4 Rxc4
1/2-1/2

[Event "4NCL/Div4/GUI4 vs. PAP"]
[Site "Nottingham ENG"]
[Date "2006.02.11"]
[Round "5.4"]
[White "Forbes, Cathy"]
[Black "Hill, David F"]
[Result "1-0"]
[WhiteElo "2075"]
[BlackElo "2070"]
[PlyCount "54"]
[EventDate "2006.02.11"]
[SourceDate "2005.10.25"]

1. d4 d6 2. e4 g6 3. Nf3 Bg7 4. h3 Nf6 5. Nc3 a6 6. a4 b6 7. Bc4 e6 8. O-O d5
9. exd5 exd5 10. Re1+ Kf8 11. Ba2 Nc6 12. Bg5 Nb4 13. Bb3 h6 14. Bxf6 Bxf6 15.
Ne5 Bb7 16. Qg4 Kg7 17. Ne2 h5 18. Qf3 Nc6 19. Nxf7 Qd7 20. Nxh8 Rxh8 21. Qxd5
Qxd5 22. Bxd5 Nxd4 23. Bxb7 Nxc2 24. Rac1 Nxe1 25. Rxe1 Bxb2 26. Bxa6 c6 27.
Nf4 Ra8 1-0

[Event "4NCL/Div4/GUI4 vs. PAP"]
[Site "Nottingham ENG"]
[Date "2006.02.11"]
[Round "5.5"]
[White "Smart, Michael R"]
[Black "Lang, Heather"]
[Result "1/2-1/2"]
[WhiteElo "2070"]
[BlackElo "2040"]
[PlyCount "50"]
[EventDate "2006.02.11"]
[SourceDate "2005.10.25"]

1. e4 e5 2. d4 exd4 3. c3 dxc3 4. Bc4 cxb2 5. Bxb2 d5 6. Bxd5 Bb4+ 7. Nd2 Bxd2+
8. Qxd2 Nf6 9. Rd1 Qe7 10. Ne2 Nxd5 11. exd5 f6 12. O-O O-O 13. Rfe1 Na6 14.
Ng3 Qf7 15. Ba3 Re8 16. Rxe8+ Qxe8 17. Re1 Qa4 18. d6 Bd7 19. Qd5+ Kh8 20. dxc7
Nxc7 21. Qf7 Ne6 22. Nh5 Be8 23. Qxb7 Bc6 24. Qb4 Qxb4 25. Bxb4 Re8 1/2-1/2

[Event "4NCL/Div4/GUI4 vs. PAP"]
[Site "Nottingham ENG"]
[Date "2006.02.11"]
[Round "5.6"]
[White "Kieran, Rosalind A"]
[Black "Dekker, Alain"]
[Result "0-1"]
[WhiteElo "2015"]
[BlackElo "2070"]
[PlyCount "86"]
[EventDate "2006.02.11"]
[SourceDate "2005.10.25"]

1. e4 c5 2. Nf3 d6 3. d4 cxd4 4. Nxd4 Nf6 5. Nc3 a6 6. Be3 e6 7. f3 Be7 8. Qd2
b5 9. O-O-O Bb7 10. g4 Nfd7 11. Bd3 Ne5 12. Kb1 Nbd7 13. g5 Nb6 14. Qf2 Nbc4
15. Bc1 Rc8 16. f4 Nxd3 17. cxd3 Na3+ 18. bxa3 Rxc3 19. Bb2 Rc8 20. h4 Qb6 21.
Rhf1 Bd8 22. h5 Rg8 23. g6 hxg6 24. hxg6 b4 25. gxf7+ Kxf7 26. axb4 Qxb4 27. f5
e5 28. Ne6 Bf6 29. Qg2 a5 30. Qg6+ Ke7 31. Ng5 Bxg5 32. Qxg5+ Kd7 33. Rc1 Ba6
34. Qg6 Bxd3+ 35. Ka1 Rxc1+ 36. Rxc1 Bc4 37. Rd1 Rb8 38. Qxg7+ Kc6 39. Qg2 Qa4
40. Rxd6+ Kxd6 41. Qd2+ Kc6 42. Bxe5 Rd8 43. Qh6+ Kb5 0-1

[Event "4NCL/Div4/BRJ vs. WWKS2"]
[Site "Nottingham ENG"]
[Date "2006.02.11"]
[Round "5.1"]
[White "Richmond, Peter A"]
[Black "Lloyd, Alan D"]
[Result "1-0"]
[WhiteElo "2240"]
[BlackElo "2110"]
[PlyCount "57"]
[EventDate "2006.02.11"]
[SourceDate "2005.10.25"]

1. e4 c5 2. Nf3 d6 3. d4 cxd4 4. Nxd4 Nf6 5. Nc3 Nc6 6. Bc4 e6 7. Be3 a6 8. Qe2
Qc7 9. Bb3 Be7 10. O-O-O Na5 11. g4 Nxb3+ 12. axb3 b5 13. g5 Nd7 14. f4 Bb7 15.
f5 e5 16. Nf3 O-O-O 17. Nd5 Bxd5 18. exd5 Kb8 19. Kb1 Rc8 20. Rc1 Qb7 21. c4
bxc4 22. bxc4 Bd8 23. Nd2 Ka8 24. Ne4 Bc7 25. Rc3 Bb8 26. Ra3 Nc5 27. Bxc5 dxc5
28. Kc2 Ba7 29. Nd6 1-0

[Event "4NCL/Div4/BRJ vs. WWKS2"]
[Site "Nottingham ENG"]
[Date "2006.02.11"]
[Round "5.2"]
[White "Hunt, Malcolm A"]
[Black "Richmond, Jane"]
[Result "1/2-1/2"]
[WhiteElo "2105"]
[BlackElo "2090"]
[PlyCount "51"]
[EventDate "2006.02.11"]
[SourceDate "2005.10.25"]

1. d4 Nf6 2. Nf3 e6 3. c3 c5 4. a3 b6 5. Bg5 Be7 6. e3 h6 7. Bh4 Bb7 8. Nbd2
O-O 9. Bd3 d6 10. O-O Nbd7 11. Qe2 Nh5 12. Bxe7 Qxe7 13. Ba6 Bxa6 14. Qxa6 f5
15. Qe2 Ndf6 16. Rad1 Rad8 17. Rfe1 Qf7 18. b4 cxb4 19. cxb4 Nd5 20. Rc1 Nhf6
21. Rc6 g5 22. Rec1 g4 23. Ne1 h5 24. Nd3 Ne4 25. Nf4 e5 26. Nxd5 1/2-1/2

[Event "4NCL/Div4/BRJ vs. WWKS2"]
[Site "Nottingham ENG"]
[Date "2006.02.11"]
[Round "5.3"]
[White "Bourne, Johnathan"]
[Black "Emanuel, John"]
[Result "0-1"]
[WhiteElo "2145"]
[BlackElo "2070"]
[PlyCount "100"]
[EventDate "2006.02.11"]
[SourceDate "2005.10.25"]

1. d4 e6 2. e4 d5 3. e5 c5 4. c3 Nc6 5. Nf3 Qb6 6. Bd3 cxd4 7. cxd4 Bd7 8. O-O
Nxd4 9. Nxd4 Qxd4 10. Nc3 Bb4 11. Nb5 Qxe5 12. Qg4 Ba5 13. Bf4 Qf6 14. Qg3 h5
15. Be5 h4 16. Qe3 Qh6 17. Bf4 Qh5 18. Be2 Qg6 19. Qa3 Bd8 20. Rfe1 Bc6 21.
Rac1 a6 22. Nd4 h3 23. Bf1 Ne7 24. Bg3 hxg2 25. Bxg2 O-O 26. Bh3 Nf5 27. Nxc6
bxc6 28. Rxc6 Nd4 29. Rc3 Nc2 30. Rxc2 Qxc2 31. Qd6 Re8 32. Qd7 Bf6 33. Rxe6
fxe6 34. Bxe6+ Rxe6 35. Qxe6+ Kh8 36. Qxd5 Rc8 37. Qh5+ Qh7 38. Qg4 Re8 39. Qd7
Qh5 40. Kg2 Qe2 41. Qh3+ Kg8 42. b3 Qe4+ 43. Kg1 Rd8 44. Qh5 Rc8 45. f3 Rc1+
46. Kg2 Rc2+ 47. Bf2 Qe2 48. Qd5+ Kf8 49. Qd6+ Qe7 50. Qd3 Qc5 0-1

[Event "4NCL/Div4/BRJ vs. WWKS2"]
[Site "Nottingham ENG"]
[Date "2006.02.11"]
[Round "5.4"]
[White "Cooper, David M"]
[Black "Rabbit, Michael"]
[Result "1-0"]
[WhiteElo "2080"]
[BlackElo "2100"]
[PlyCount "131"]
[EventDate "2006.02.11"]
[SourceDate "2005.10.25"]

1. e4 c5 2. Nf3 e6 3. b3 Nf6 4. e5 Nd5 5. Bc4 d6 6. exd6 Qf6 7. d4 Bxd6 8. Bg5
Qg6 9. Bxd5 exd5 10. dxc5 Qe4+ 11. Kf1 Be5 12. Nbd2 Qf5 13. Nxe5 Qxe5 14. Nf3
Qf5 15. Qd2 O-O 16. Nd4 Qd7 17. Re1 Nc6 18. Nf3 b6 19. cxb6 axb6 20. a4 Ba6+
21. Kg1 Rfe8 22. Rd1 d4 23. c4 Re4 24. h3 Rae8 25. Re1 d3 26. Be3 Bb7 27. Rd1
Qe7 28. Qxd3 Rd8 29. Qe2 Rxd1+ 30. Qxd1 h6 31. Kh2 Qc7+ 32. g3 Ne7 33. Re1 Qc6
34. Qd8+ Kh7 35. Qxb6 Qd7 36. Nd2 Re6 37. Qb5 Bc6 38. Qc5 Qd3 39. Rg1 Nf5 40.
Nf1 Qe2 41. Qxf5+ Kg8 42. Qc5 h5 43. Qd4 h4 44. gxh4 Rg6 45. Rxg6 fxg6 46. Nd2
Qd1 47. Kg3 Qg1+ 48. Kf4 Qh2+ 49. Kg5 Kh7 50. Qf4 Qxh3 51. Qg4 Qh2 52. f4 Bd7
53. Qxd7 Qg3+ 54. Qg4 Qxe3 55. Qg2 Qe6 56. h5 Qf5+ 57. Kh4 Qxf4+ 58. Kh3 Qf5+
59. Kh2 Qf4+ 60. Kh1 Qh4+ 61. Kg1 Qd4+ 62. Kf1 Qd3+ 63. Ke1 Qe3+ 64. Kd1 Qd4
65. Qxg6+ Kh8 66. Qe8+ 1-0

[Event "4NCL/Div4/BRJ vs. WWKS2"]
[Site "Nottingham ENG"]
[Date "2006.02.11"]
[Round "5.5"]
[White "Hall, Joshua D"]
[Black "Birch, Harvey"]
[Result "0-1"]
[WhiteElo "2020"]
[BlackElo "1755"]
[PlyCount "174"]
[EventDate "2006.02.11"]
[SourceDate "2005.10.25"]

1. e4 e5 2. Nf3 Nc6 3. Nc3 Nf6 4. d4 exd4 5. Nxd4 Be7 6. Be3 O-O 7. Nxc6 bxc6
8. e5 Ne8 9. Qh5 d5 10. O-O-O f6 11. f4 fxe5 12. Qxe5 Bf6 13. Qh5 Bxc3 14. bxc3
Nf6 15. Qh4 Qe7 16. Bd4 Qa3+ 17. Kd2 Ne4+ 18. Ke1 Nxc3 19. Bd3 Re8+ 20. Kf1 Ne4
21. Kg1 Ba6 22. Qg4 Re7 23. Bxa6 Qxa6 24. h4 c5 25. Be5 Qxa2 26. Kh2 Nf2 27.
Qg5 Rf7 28. Ra1 Qxc2 29. Bxg7 Nxh1 30. Rxa7 Re8 31. Bb2+ Qg6 32. Kxh1 Qxg5 33.
fxg5 d4 34. Ra5 d3 35. Bc3 Re1+ 36. Kh2 Rc1 37. Bd2 Rc2 38. Be3 d2 39. Ra8+ Kg7
40. Rd8 c4 41. Bxd2 Rf2 42. Rd7+ Kg6 43. Bb4 Rxg2+ 44. Kh3 Rh2+ 45. Kg3 Rcg2+
46. Kf3 Rb2 47. Kg3 Rhc2 48. Bf8 c3 49. Rg7+ Kf5 50. Rf7+ Ke6 51. Re7+ Kd5 52.
Rxc7 Rg2+ 53. Kh3 Rh2+ 54. Kg4 c2 55. Ba3 Ra2 56. Bc1 Ra4+ 57. Kg3 Raxh4 58.
Kf3 Rc4 59. Rd7+ Kc5 60. Ke3 Rh1 61. Ba3+ Kc6 62. Rd6+ Kc7 63. Rf6 c1=Q+ 64.
Bxc1 Rcxc1 65. Rf7+ Kd6 66. Rg7 Rcg1 67. Kf4 h5 68. Kf5 Ra1 69. Kg6 h4 70. Kh7
h3 71. Rg6+ Ke5 72. Rh6 Ra7+ 73. Kh8 Kf5 74. g6 Ra6 75. Kh7 h2 76. Rh5+ Kg4 77.
Rh6 Kg5 78. Rh3 Rxg6 79. Rg3+ Kf5 80. Rxg6 Ra1 81. Rg7 h1=Q+ 82. Kg8 Ra8+ 83.
Kf7 Qh5+ 84. Ke7 Ra7+ 85. Kf8 Qh8+ 86. Rg8 Qf6+ 87. Ke8 Qe7# 0-1

[Event "4NCL/Div4/BRJ vs. WWKS2"]
[Site "Nottingham ENG"]
[Date "2006.02.11"]
[Round "5.6"]
[White "Birch, Fay"]
[Black "Tomboline, David"]
[Result "0-1"]
[WhiteElo "1670"]
[BlackElo "1985"]
[PlyCount "82"]
[EventDate "2006.02.11"]
[SourceDate "2005.10.25"]

1. c4 e6 2. g3 Nf6 3. Bg2 d5 4. Nc3 Be7 5. e3 c6 6. b3 a5 7. Nge2 Nbd7 8. O-O
O-O 9. d4 Rb8 10. a4 b6 11. Ba3 Ba6 12. cxd5 cxd5 13. Re1 Bxa3 14. Rxa3 Qe7 15.
Ra2 Qb4 16. Rb2 Bxe2 17. Nxe2 b5 18. Qd2 bxa4 19. Qxb4 Rxb4 20. Reb1 Rfb8 21.
Ra2 axb3 22. Rxa5 Nb6 23. Nc1 Nc4 24. Ra6 b2 25. Nd3 Rb3 26. Bf1 Ne4 27. Nc5
Nxc5 28. dxc5 Nd2 29. Rxb2 Rxb2 30. c6 Nxf1 31. Kxf1 Rc2 32. Kg2 Rc8 33. Ra7 h5
34. h3 g5 35. c7 R8xc7 36. Ra8+ Kg7 37. Kf3 Rb2 38. Ra4 Rcc2 39. e4 Rxf2+ 40.
Ke3 Rbe2+ 41. Kd3 Rxe4 0-1

[Event "4NCL/Div4/GLOSG vs. ATH1"]
[Site "Nottingham ENG"]
[Date "2006.02.11"]
[Round "5.1"]
[White "White, Michael J R"]
[Black "Roberts, Paul"]
[Result "1-0"]
[WhiteElo "2175"]
[BlackElo "2200"]
[PlyCount "113"]
[EventDate "2006.02.11"]
[SourceDate "2005.10.25"]

1. e4 b6 2. d4 Bb7 3. Bd3 e6 4. Nf3 c5 5. O-O cxd4 6. Nxd4 Nc6 7. Nxc6 Bxc6 8.
c4 d6 9. Nc3 Nf6 10. b3 Be7 11. Bb2 O-O 12. f4 a6 13. Qf3 b5 14. Rae1 Qb6+ 15.
Kh1 Qb7 16. cxb5 axb5 17. Qh3 Rfd8 18. Bb1 h6 19. Rf3 b4 20. Rg3 Kf8 21. Nd1 e5
22. fxe5 Bd7 23. exf6 Bxh3 24. fxe7+ Kxe7 25. Rxh3 Kf8 26. Ne3 Ra5 27. Nf5 f6
28. Rd1 Rxf5 29. exf5 Re8 30. Bd3 Qa7 31. Bb5 Rb8 32. Ba4 Qf2 33. Bd4 Qxf5 34.
Rhd3 Rc8 35. Bg1 Rc2 36. Rxd6 Kg8 37. R6d2 h5 38. Bd7 Qe4 39. Be6+ Kh7 40. Rxc2
Qxc2 41. Rd4 Qc3 42. Bf5+ g6 43. Bd3 Qe1 44. Re4 Qd1 45. Be2 Qc2 46. Bf3 Qd2
47. h3 Kg7 48. Rd4 Qe1 49. Kh2 Kh6 50. Re4 Qc3 51. Bd4 Qc7+ 52. g3 Qd6 53. Rf4
f5 54. h4 Kh7 55. Kh3 Kg8 56. Be3 Qe7 57. Bd2 1-0

[Event "4NCL/Div4/GLOSG vs. ATH1"]
[Site "Nottingham ENG"]
[Date "2006.02.11"]
[Round "5.2"]
[White "Stevenson, James A B"]
[Black "Hosken, Nigel"]
[Result "1-0"]
[WhiteElo "2195"]
[BlackElo "2105"]
[PlyCount "69"]
[EventDate "2006.02.11"]
[SourceDate "2005.10.25"]

1. d4 d5 2. c4 c6 3. Nf3 Nf6 4. e3 e6 5. Nc3 Nbd7 6. Bd3 dxc4 7. Bxc4 b5 8. Bd3
a6 9. e4 Bb7 10. O-O c5 11. d5 c4 12. Bc2 e5 13. Bg5 h6 14. Bh4 Bd6 15. Qd2 O-O
16. Rad1 Nc5 17. a3 Bc8 18. h3 Bd7 19. Qe3 Rc8 20. g4 Re8 21. Kh1 Qe7 22. Rg1
Qf8 23. Bxf6 gxf6 24. g5 fxg5 25. Nxg5 Kh8 26. Nxf7+ Kh7 27. Nxd6 Qxd6 28. Rg3
Rg8 29. Rdg1 Rxg3 30. Qxg3 Qf6 31. f4 exf4 32. e5+ Kh8 33. Qe1 Qf8 34. e6 Qf6
35. Rg6 1-0